000 02211cam a22004334i 4500
003 PE-LiUPU
005 20250731175625.0
008 150623s r 000 0 d
020 _a1575060043
035 _a(Sirsi) i9781575060040
040 _aPE-LiUPU
_bspa
_cPE-LiUPU
_erda
049 _aPRUA
082 0 4 _a492.1
_bW93
_221
100 1 _aGeorge, A. R.,
_eautor.
245 1 0 _aWisdom, Gods and literature :
_bstudies in Assyriology in honour of W. G. Lambert /
_cA. R.George.
264 1 _aWinona Lake, Indiana :
_bEisenbrauns,
_c2000.
300 _a462 páginas :
_bilustraciones, cuadros, gráficos ;
_c29 centímetros
336 _atext
_2rdacontent
337 _aunmediated
_2rdamedia
338 _avolume
_2rdacarrier
504 _aIncluye bibliografía.
505 0 _aConception, contraception, and abortion in ancient Mesopotamia. -Surpu II, III, IV und VIII in ,,Partitur". -Ein altbabylonischer Gilgames-text aus nippur. -From the epistolary of the Edubba. -Inanna, le bon augure de samsu iluna. -U7804 // UET VI/1 26: ,,Gedicht von der hacke". -On late Babylonian medical training. -Incipits and rubrics. -Four temple rituals from Babylon. -Murmuring in Mesopotamia. -Astronomical cuneiform texts in the Birmingham city museum. -Ningiszida's boat-ride to hades. -A compendium of Gall-Bladder omens extant in middle Babylonian, Nineveh, and Seleucid versions. -On the organized release of doves to secure compliance of a higheer authority. -Die fruhjahrsfeierlichkeiten in Assur. -Early Zoodiologia and related matters..
526 _aP145
526 _aP127
526 _aP97
526 _aP35
526 _aP14
526 _aP07
650 0 4 _aAcadio
_vTextos.
651 _aIrak
_xCivilización
651 _aIrak
_xReligión.
700 1 _aFinkel, I. L.
942 _2ddc
_cBOOK
949 _a492.1 W93
_wDEWEY
_c1
_i49111
_lCCODEBUL1
_mBUL
_r0
_sY
_tBOOK
_u2015-6-24
_xTEOLOGIA
_PP35
_0COMPRA
_o.STAFF. Colección General
994 _aC0
_bPEPRU
596 _a1
999 _a492.1 W93
_wDEWEY
_c28257
_i49111
_f2021-11-5
_g5
_lCCODEBUL1
_mBUL
_r0
_sY
_tBOOK
_u2015-6-24
_xBIBLIOTECA
_PP35
_0COMPRA
_o.STAFF. Colección General
_d28257
980 _81
_gALBERTO SANCHEZ Responsable de Automatización